| 000 | 00455nam a2200169 a 4500 | ||
|---|---|---|---|
| 005 | 20140310183508.0 | ||
| 008 | 100918s19uu xx 00 eng d | ||
| 020 | _a0553253166 | ||
| 050 |
_aDS 559.4 _b.St75 1985 |
||
| 100 | _aStockdale, Jim& Sybil | ||
| 245 |
_aIn Love and war. _cJim and Sybil Stockdale |
||
| 260 |
_aNew York : _bHarper & Row Pub, _c1985. |
||
| 300 |
_a483 p. : _c17 cm. |
||
| 650 | _aFiction | ||
| 942 |
_cBK _2lcc |
||
| 999 |
_c24093 _d24093 |
||